000 02082nam a2200241Ia 4500
003 Ost
005 20260507075357.0
008 260507s9999||||xx |||||||||||||| ||und||
040 _cfsecg
041 _aara
082 _a330
100 _aعلي، عبد الوهاب نصر
_eمؤلف
245 0 _aالمراجعة المتقدمة في بيئة الأعمال الحديثة :
_bالمراجعة المستمرة في التجارة الالكترونية-مسئولية مراجع الحسابات عن اكتشاف الغش والفساد-مهام المراجعة ذات الأغراض الخاصة-اختبار المعلومات /
_c عبد الوهاب نصر علي
260 _aالاسكندرية:
_bدار التعليم الجامعي,
_c2013
300 _a357 صفحة؛
_bإيضاحات ؛
_c25 سم
520 _aالمراجعة وتكنولوجيا المعلومات وإستخدام الحاسب الآلي-مسئولية مراقب الحسابات عن إكتشاف الغش والفساد والتقرير عنه-مسئولية مراجع الحسابات الخارجي عن الرقابة الداخلية-استخدام المعاينة الإحصائية في اختبارات صحة العمليات زفعالية الرقابة الداخلية-استخدام المعاينة الإحصائية في اختبارا صحة التفاصيل لأرصدة الحسابات-فحص القوائم المالية المرحلية(الدورية)-مراجعة القوائم المالية المختصرة والمعلومات المالية القطاعية والمعلومات الأخرى المرافقة للقوائم المالية-مهام المراجعة ذات الأغراض الخاصة-إختبار المعلومات المالية المستقبلية
653 _aالتجارة الالكترونية
653 _aتكنولوجيا المعلومات
653 _aعلم الحاسوب
653 _aمراجعة الحسابات
700 _aشحاتة، السيد شحاته
_eمؤلف ثانوي
942 _cكتاب
999 _c44239
_d44239